00710nam a22002057a 4500003001100000005001700011008004100028020001500069040003900084041000800123082001600131100001700147245008700164260004500251300007100296650002500367942000700392952009000399999001500489LK-CoMWRAF20231206151733.0230924b2002 |||||||| |||| 00| 0 eng d a0618048316 aLK-CoMWRAFdLK-CoMWRAFeLK-CoMWRAF aeng a641.8 bPAT aPatent, Greg aBaking in America:btraditional and contemporary favorites from the past 200 years aBoston:bHoughton Mifflin Company,c2002 aviii, 552 p. : col. ill. ; 24 cm.bBibliography and index included aBAKING-United States cBK 00104070aMAINbMAINd2023-09-24l0o641.8 PATpRAF739r2023-09-24w2023-09-24yBK c3644d3644